01987nam a2200457Ii 4500001001300000003000800013007001500021008004100036006001900077035002100096040003100117020002700148020002400175020001800199020001500217050002400232082001100256100003800267245008700305246002300392246003100415264006700446300002300513336002600536337002600562338003600588490008400624504004100708588008300749650003000832600007000862600007500932650002801007650002601035650002901061650003601090655002201126776022201148830008701370856007201457DIGSIGHOM069NyNyDIGcr |||||||||||180807s2014 ck ob 000 0 spa dm o d  a(OCoLC)913872963 aDGITAbengerdaepncDGITA a9789586653350q(eBook) a9586653358q(eBook) z9789586652766 z958665276914aPQ8180.17.A73 ebook04a863.641 aBenavides, Ana Cristina,eauthor.13aLa soledad de Macondo, o, La salvación por la memoria /cAna Cristina Benavides.30aSoledad de Macondo30aSalvación por la memoria 1aBogotá, D.C., Colombia :bSiglo del Hombre Editores,c[2014] a1 online resource. atextbtxt2rdacontent acomputerbc2rdamedia aonline resourcebcr2rdacarrier1 aBiblioteca universitaria. Ciencias sociales y humanidades. Colección Espacios aIncludes bibliographical references.0 aOnline resource; title from ePub title page (Digitalia, viewed August 4, 2018) 0aMacondo (Imaginary place)10aGarcía Márquez, Gabriel,d1927-2014.tCien años de soledad.10aGarcía Márquez, Gabriel,d1927-2014xCriticism and interpretation. 0aSolitude in literature. 0aMemory in literature. 0aSalvation in literature. 0aCities and towns in literature. 0aElectronic books.08iPrint version:aBenavides, Ana Cristina.tSoledad de Macondo, o, La salvación por la memoria.bPrimera edición.dBogotá, D.C. : Siglo del Hombre Editores, 2014z9789586652766w(DLC) 2014422785w(OCoLC)897052836 0aBiblioteca universitaria.pCiencias sociales y humanidades.pColección espacios.403Digitalia Hispánicauhttps://www.digitaliapublishing.com/a/52091/